| 000 | 00726nam a2200229Ia 4500 | ||
|---|---|---|---|
| 005 | 20241129105928.0 | ||
| 008 | 241129s9999||||xx |||||||||||||| ||und|| | ||
| 020 | _a978-81-267-1780-4 | ||
| 037 | _aTB | ||
| 040 |
_aARTS _bhin _cARTS |
||
| 041 |
_ahin _2hin |
||
| 084 |
_aV281 152Q6 _qARTS |
||
| 100 | _aजैन, निर्मला, ले. | ||
| 245 | 0 |
_aदिल्ली शहर दर शहर _cजैन, निर्मला, ले. |
|
| 250 | _a2 | ||
| 260 |
_aदिल्ली, भारत _bराजकमल प्रकाशन _c2019 |
||
| 300 | _a187पृ0 | ||
| 365 |
_aINR _b400 |
||
| 650 |
_aHistory-Delhi _9726662 |
||
| 942 |
_cTB _hV281 152Q6 |
||
| 999 |
_c1226631 _d1226631 |
||